Statistics for BBC Ghosts Quotes

Click here to take the quiz!

General Stats

  • This quiz has been taken 396 times
    (392 since last reset)
  • The average score is 4 of 11

Answer Stats

HintAnswer% Correct
ThomasAnswer the question, Damn your {eyes}!
95%
JulianOhhhhhh no, oh no, she saw me, she {spoke} to me!
85%
FannyOrf the {lawn}!
69%
MikeLooks like we got more free {gooseberries}...
45%
Kitty{Yes}! {Yes}! A thousand times {yes} and... Uuurgh! (Vomit)
43%
Francis ButtonI will be your {Cupid}!
41%
The CaptainAh, a {deserter}. If you were still alive, I could have you shot for that you know!
31%
RobinPat, you {die}
25%
AlisonYeah, that's definitely a {musket ball}, mmmmmmmm
7%
Mick(cough, cough) {Oh Dear}...
4%
MaryI think she needs {nylkies}!
2%

Score Distribution

Percentile by Number Answered

Percent of People with Each Score

Your Score History

You have not taken this quiz since the last reset